Piłkarska kariera Jacka Krzynówka. - Statystyki

Ogólne statystyki
  • Ten quiz został rozwiązany 49 razy
  • Średni wynik to 3 z 7
Statystyki odpowiedzi
Lata Drużyna % Poprawnych
2004-2006 Bayer Leverkusen
90%
2006-2009 Wolfsburg
59%
2009-2010 Hannover
38%
1999-2004 Nurnberg
38%
1997-1999 GKS Bełchatów
28%
1996-1997 Raków Częstochowa
21%
? RKS Radomsko
21%
Nie znaleziono quizów pasujących do podanych kryteriów
Rozkład punktacji
Procent ludzi z każdym wynikiem
Percentyl według liczby udzielonych odpowiedzi
Twoja historia wyników
Nie rozwiązałeś tego quizu